Teuerste Wintertransfers im Fußball - Statistiken

Allgemein
  • Dieses Quiz wurde 129 mal gespielt
  • Das Durchschnittsergebnis liegt bei 4 aus 15
Antwortstatistiken
Ablöse Aufnehmender Verein Saison Fußballer % Korrekt
135 Mio FC Barcelona 17/18 Phillipe Coutinho
86%
84,65 Mio FC Liverpool 17/18 Virgil van Dijk
77%
81,6 Mio Juventus Turin 21/22 Dusan Vlahovic
76%
60 Mio SH SIPG 16/17 Oscar
31%
47 Mio FC Liverpool 21/22 Luis Diaz
28%
63,75 Mio FC Arsenal 17/18 Pierre-Emerick Aubameyang
26%
55 Mio FC Barcelona 21/22 Ferran Torres
25%
63 Mio Manchester United 19/20 Bruno Fernandes
21%
65 Mio Manchester City 17/18 Aymeric Laporte
17%
64 Mio FC Chelsea 18/19 Christian Pulisic
17%
58,50 Mio FC Chelsea 10/11 Fernando Torres
15%
42,1 MIo Newcastle United 21/22 Bruno Guimaraes
11%
60 Mio Atletico Madrid 17/18 Diego Costa
8%
44,73 Mio Manchester United 13/14 Juan Mata
6%
50 Mio JS Suning 15/16 Alex Texeira
2%
Keine übereinstimmenden Quizze gefunden
Verteilung der Resultate
Anzahl Personen mit jedem Resultat
Perzentil nach korrekt beantworteten Fragen
Ihre Resultats-Entwicklung
Sie haben dieses Quiz noch nicht gespielt